| 000 | 00536nam a2200193Ia 4500 | ||
|---|---|---|---|
| 999 |
_c1470 _d1470 |
||
| 003 | OSt | ||
| 005 | 20210121111657.0 | ||
| 008 | 190216s9999||||xx |||||||||||||| ||und|| | ||
| 020 | _a8174310118 | ||
| 040 | _coclc | ||
| 082 |
_a571.6 _bROB/C |
||
| 100 |
_aRobertis, E D P De _96845 |
||
| 245 | 0 |
_aCell And Molecular Biology / _cE D P De Robertis |
|
| 250 | _a8th Ed. | ||
| 260 |
_bBi.Waverly Pvt Ltd, _c2011. _aNew Delhi: |
||
| 300 | _a734p | ||
| 650 | _aBotany | ||
| 942 |
_cBK _2ddc _h571.6 _iROB/C _k571.6 _mROB/C |
||